WWE: Rozpoznaj wrestlera po finisherze - Statystyki

Ogólne statystyki
  • Ten quiz został rozwiązany 92 razy
  • Średni wynik to 19 z 40
Statystyki odpowiedzi
Hint Odpowiedź % Poprawnych
RKO Randy Orton
90%
F5 Brock Lesnar
86%
Claymore Kick Drew McIntyre
83%
Go To Sleep CM Punk
82%
Attitude Adjustment John Cena
82%
Helluva Kick Sami Zayn
81%
Cross R...s Cody Rhodes
78%
Curb Stomp Seth Rollins
77%
Samoan Spike Solo Sikoa
71%
B...y-to-Belly Suplex Bayley
68%
Trouble In Paradise Kofi Kingston
68%
Brouge Kick Sheamus
66%
Skull-Crushing Finale The Miz
64%
Riptide Rhea Ripley
61%
Mexican Destroyer Penta
57%
A-Town Down Austin Theory
55%
Tsunami Bronson Reed
55%
Coup-de-Grace Finn Balor
53%
Torpedo Moscow Ilja Dragunov
53%
Spear/Frankensteiner Bron Breakker
45%
Black Mass Aleister Black
44%
The Prettiest Moonsault Ever Tiffany Stratton
44%
Manhandle Slam/Dis-arm-her Becky Lynch
43%
Oblivion Liv Morgan
43%
Accolade Rusev
36%
Soulsnatcher Sol Ruca
31%
Pop Rox Roxanne Perez
30%
Ego's Edge Ethan Page
29%
T....shot Trick Williams
27%
Unpretty-her Chelsea Green
25%
Nothing But Net Carmelo Hayes
21%
Kiss of Death Bianca Belair
19%
Nightwing Lyra Valkyria
17%
J...it Jade Cargill
16%
Annihilator Nia Jax
16%
Fall From Grace Oba Femi
16%
Over the Moon-sault Iyo Sky
14%
Arrivederci Knee Giulia
9%
Tour of the Islands JC Mateo
8%
Tornado DDT/Roshambo Ricky Saints
6%
Nie znaleziono quizów pasujących do podanych kryteriów
Rozkład punktacji
Procent ludzi z każdym wynikiem
Percentyl według liczby udzielonych odpowiedzi
Twoja historia wyników
Nie rozwiązałeś tego quizu